000 00282nam a22001337a 4500
008 170418b xxu||||| |||| 00| 0 eng d
020 _a9780805375909
041 _aeng
080 _a579
100 _a11
101 _aSHM
245 _aMICROBIOLOGY
_cBAUMAN.R.W
942 _2udc
_cBK
999 _c10896
_d10896